Quick Pick: Famous Asian People Quiz Stats

 Plays Quiz Updated Dec 9, 2021

     
Support Sporcle.
Go Orange.
Score 0/10 Timer 01:00
4 Plays Today
% Correct
Muhammad
94%
Genghis Khan
93.8%
Nebuchadnezzar II
86.6%
Ichiro Suzuki
81.8%
Ruhollah Khomeini
80.8%
Tenzing Norgay
79.7%
Manny Pacquiao
77.9%
Ban Ki-moon
77.4%
Benazir Bhutto
76.7%
Khaled Hosseini
74.3%

Today's Daily Dose

From the Vault

Any Final Four Team by Year (Men's)

by El_Dandy

Sports 4m
There are 6 teams that will get you most of the answers.
Remove Ads.
Support Sporcle.
Get the best of Sporcle when you Go Orange. This ad-free experience offers more features, more stats, and more fun while also helping to support Sporcle. Thank you for becoming a member.

Show Comments

Extras

Top Quizzes Today


Score Distribution

Your Account Isn't Verified!

In order to create a playlist on Sporcle, you need to verify the email address you used during registration. Go to your Sporcle Settings to finish the process.

Report this User

Report this user for behavior that violates our Community Guidelines.

Details: